00622nam a2200229Ia 450000100060000000300090000600800410001504000130005604000130006904100130008210000200009510000290011524500230014424500220016725000110018926000090020026000120020926000490022130000570027065000340032765000310036115149IT-RoPAU130308s9999 xx 000 0 und d aIT-RoPAU cIT-RoPAU aITALIANO aLibonati Franco gCodice Aut. SPICS: 4634 aLeggi sulla stampa bStampa in Allarme a1a ed. aBARI bLaterza c1958 [1° Ed.:1958 - Ed.Ling.Originale:1958] a"29 p. (prefazione: no ; testo: 29 [pagine: 19-47])" aDIRITTO NELLA STAMPA DI MASSA eCodice materia Spics: 4609